Statistics for Iga Świątek - Matches

Click here to take the quiz!

General Stats

  • This quiz has been taken 33 times
    (24 since last reset)
  • The average score is 69 of 138

Answer Stats

TournamentCountryAnswerScore% Correct
Roland Garros 2022USAGauff6:1 6:3
85%
Rome 2022TunisiaJabeur6:2 6:2
85%
Stuttgart 2022BelarusSabalenka6:2 6:2
85%
Doha 2022BelarusSabalenka6:2 6:3
85%
Doha 2022GreeceSakkari6:4 6:3
85%
WTA Finals 2021 GuadalajaraGreeceSakkari2:6 4:6
85%
WTA Finals 2021 GuadalajaraSpainBadosa7:5 6:4
77%
Australian Open 2022USACollins4:6 1:6
77%
Wimbledon 2021TunisiaJabeur7:5 1:6 1:6
77%
Doha 2022RussiaKasatkina6:3 6:0
77%
Roland Garros 2020USAKenin6:4 6:1
77%
Doha 2022EstoniaKontaveit6:2 6:0
77%
Miami 2022JapanOsaka6:4 6:0
77%
Dubai 2022LatviaOstapenko6:4 1:6 6:7
77%
Miami 2022USAPegula6:2 7:5
77%
WTA Finals 2021 GuadalajaraBelarusSabalenka6:2 2:6 5:7
77%
Rome 2022BelarusSabalenka6:2 6:1
77%
Ostrava 2021GreeceSakkari4:6 5:7
77%
Roland Garros 2021GreeceSakkari4:6 4:6
77%
Indian Wells 2022GreeceSakkari6:4 6:1
77%
Rome 2022CanadaAndreescu7:6 6:0
69%
Rome 2022BelarusAzarenka6:4 6:1
69%
Olympics TokyoSpainBadosa3:6 6:7
69%
Adelaide 2022AustraliaBarty2:6 4:6
69%
US Open 2021SwitzerlandBencic6:7 3:6
69%
Adelaide 2021SwitzerlandBencic6:2 6:2
69%
Cincinnati 2019FranceGarcia7:6 6:1
69%
Roland Garros 2020RomaniaHalep6:1 6:2
69%
Australian Open 2021RomaniaHalep6:3 1:6 4:6
69%
Washington 2019TunisiaJabeur4:6 6:4 6:4
69%
Cincinnati 2021TunisiaJabeur3:6 3:6
69%
Roland Garros 2022RussiaKasatkina6:2 6:1
69%
Dubai 2022RussiaKasatkina6:1 6:2
69%
Roland Garros 2022UkraineTsurenko6:2 6:0
69%
Adelaide 2022BelarusAzarenka6:3 2:6 6:1
62%
Rome 2021USAGauff7:6 6:3
62%
Miami 2022USAGauff6:3 6:1
62%
Australian Open 2019ItalyGiorgi2:6 0:6
62%
Doha 2022SwitzerlandGolubic6:2 3:6 6:2
62%
Indian Wells 2022RomaniaHalep7:6 6:4
62%
Roland Garros 2019RomaniaHalep1:6 0:6
62%
Rome 2021Czech RepublicKa. Pliskova6:0 6:0
62%
Roland Garros 2021EstoniaKontaveit7:6 6:0
62%
US Open 2021EstoniaKontaveit6:3 4:6 6:3
62%
Australian Open 2020EstoniaKontaveit7:6 5:7 5:7
62%
Miami 2022Czech RepublicKvitova6:3 6:3
62%
Toronto 2019JapanOsaka6:7 4:6
62%
Indian Wells 2021LatviaOstapenko4:6 3:6
62%
Birmingham 2019LatviaOstapenko0:6 2:6
62%
Roland Garros 2022USAPegula6:3 6:2
62%
Stuttgart 2022Great BritainRaducanu6:4 6:4
62%
Ostrava 2021KazachstanRybakina7:6 6:2
62%
Rome 2021UkraineSvitolina6:2 7:5
62%
Indian Wells 2022DenmarkTauson6:7 6:2 6:1
62%
Roland Garros 2020CanadaBouchard6:3 6:2
54%
Australian Open 2022RomaniaCirstea5:6 6:3 6:3
54%
Miami 2022SwitzerlandGolubic6:2 6:0
54%
Wimbledon 2019SwitzerlandGolubic2:6 6:7
54%
Roland Garros 2020TaiwanHsieh6:1 6:4
54%
Australian Open 2022EstoniaKanepi4:6 7:6 6:3
54%
Australian Open 2022RussiaKasatkina6:2 6:3
54%
Indian Wells 2022GermanyKerber4:6 6:2 6:3
54%
Cincinnati 2019EstoniaKontaveit4:6 6:7
54%
Roland Garros 2021UkraineKostyuk6:3 6:4
54%
Rome 2021Czech RepublicKrejcikova3:6 7:6 7:5
54%
Indian Wells 2021CroatiaMartic6:1 6:3
54%
Dubai 2021SpainMuguruza0:6 4:6
54%
Roland Garros 2022USARiske6:0 6:2
54%
Toronto 2019DenmarkWozniacki1:6 6:3 6:4
54%
US Open 2020BelarusAzarenka4:6 2:6
46%
Miami 2022USABrengle6:0 6:3
46%
Adelaide 2021USACollins6:2 3:0*
46%
Adelaide 2022CanadaFernandez6:1 6:2
46%
US Open 2021FranceFerro3:6 7:6 6:0
46%
Lugano 2019SloveniaHercog3:6 6:3 3:6
46%
Wimbledon 2021TaiwanHsieh6:4 6:4
46%
Roland Garros 2021SloveniaJuvan6:0 7:5
46%
Melbourne 2021SloveniaJuvan2:6 6:2 6:1
46%
Indian Wells 2022UkraineKalinina5:7 6:0 6:1
46%
Eastbourne 2021RussiaKasatkina6:4 0:6 1:6
46%
Indian Wells 2022USAKeys6:1 6:0
46%
Roland Garros 2022MontenegroKovinic6:3 7:5
46%
Stuttgart 2022GermanyLys6:1 6:1
46%
Washington 2019USAPegula7:5 4:6 1:6
46%
Australian Open 2022SwedenPeterson6:2 6:2
46%
Roland Garros 2020ArgentinaPodoroska6:2 6:1
46%
Roland Garros 2019Puerto RicoPuig0:6 6:3 6:3
46%
Ostrava 2021KazachstanPutintseva6:4 6:4
46%
Roland Garros 2019ChinaQ. Wang6:3 6:0
46%
Stuttgart 2022RussiaSamsonova6:7 6:4 7:5
46%
Roland Garros 2020ItalyTrevisan6:3 6:1
46%
Australian Open 2020CroatiaVekic7:5 6:3
46%
Roland Garros 2020Czech RepublicVondrousova6:1 6:2
46%
Australian Open 2020HungaryBabos6:3 6:2
38%
Madrid 2021AustraliaBarty5:7 4:6
38%
Wimbledon 2021RomaniaBegu6:1 6:0
38%
Australian Open 2022Great BritainDart6:3 6:0
38%
Dubai 2021JapanDoi6:2 6:4
38%
Rome 2021USAKeys7:5 6:1
38%
Miami 2021Czech RepublicKrejcikova6:4 6:2
38%
Indian Wells 2021RussiaKudermetova6:1 6:0
38%
Roland Garros 2021SwedenPeterson6:1 6:1
38%
Rome 2021USARiske5:4*
38%
Madrid 2021USARiske6:1 6:1
38%
Australian Open 2021NetherlandsRus6:1 6:3
38%
Rome 2020NetherlandsRus6:7 3:6
38%
Adelaide 2022AustraliaSaville6:3 6:3
38%
US Open 2019LatviaSevastova6:3 1:6 3:6
38%
Australian Open 2020SpainSuarez Navarro6:3 7:5
38%
Adelaide 2021SwitzerlandTeichmann6:3 6:2
38%
Doha 2020CroatiaVekic6:4 7:5
38%
Eastbourne 2021Great BritainWatson6:3 6:7 7:5
38%
Melbourne 2021RussiaAlexandrova4:6 2:6
31%
Adelaide 2021USABrengle6:3 6:4
31%
Australian Open 2021FranceFerro6:4 6:3
31%
Miami 2021CroatiaKonjuh4:6 6:2 2:6
31%
Lugano 2019Czech RepublicKr. Pliskova6:0 6:1
31%
Doha 2020RussiaKuznetsova2:6 2:6
31%
Prague 2019Czech RepublicMuchova6:4 1:6 4:6
31%
Rome 2022RomaniaRuse6:3 6:0
31%
Madrid 2021GermanySiegemund6:3 6:3
31%
Olympics TokyoGermanyBarthel6:2 6:2
23%
Budapest 2019SerbiaDanilovic6:3 6:0
23%
Australian Open 2021ItalyGiorgi6:2 6:4
23%
Toronto 2019AustraliaTomljanovic4:1*
23%
Budapest 2019BelgiumVan Uytvanck4:6 5:7
23%
Wimbledon 2021RussiaZvonareva6:1 6:3
23%
Roland Garros 2019FranceJanicijevic6:3 6:0
15%
Lugano 2019BelarusLapko4:6 6:4 6:1
15%
US Open 2021USALoeb6:3 6:4
15%
Adelaide 2021AustraliaInglis6:1 6:3
8%
US Open 2020RussiaKudermetova6:3 6:3
8%
Lugano 2019SlovakiaKuzmova6:3 3:6 6:2
8%
Roland Garros 2022ChinaQ. Zheng6:7 6:0 6:2
8%
US Open 2019SerbiaJorovic6:0 6:1
0%
New York (Cincinnati) 2020USAMcHale2:6 4:6
0%
US Open 2020USAVickery6:7 6:3 6:4
0%
Lugano 2019UkraineZavatska6:3 6:0
0%

Score Distribution

Percentile by Number Answered

Percent of People with Each Score

Your Score History

You have not taken this quiz since the last reset